007340000a22002050004500090001300000245016100013260000900174044001300183041001400196690002800210690003200238690003800270690004100308690002800349700003300377100003500410942001300445773005300458999001700511 aSeriadas10aPresencia de la Nutria neotropical (Lontra longicaudis), en la zona baja del río Sumapaz, desde El Boquerón hasta su desembocadura en el río Magdalena c2006 aColombia0 aEspañol aHábitat animal994646 aBosque seco tropical998389 aDistribucion geográfica9100588 aConservación de biodiversidad9345 aEspecies nativas9924201 aGómez, Juan Ricardo9125481 aCely, María Fernanda9100589 cARTICULO1 tAmbiente y desarrolloh17/18q113-127d2005/2006 c16318d16318